书目信息 |
| 题名: |
建筑设备安装工程概预算
|
|
| 作者: | 刘芳 , 刘玉国 主编 | |
| 分册: | ||
| 出版信息: | 北京 北京理工大学出版社 2014 |
|
| 页数: | 287页 | |
| 开本: | 26cm | |
| 丛书名: | ||
| 单 册: | ||
| 中图分类: | TU723.34 | |
| 科图分类: | ||
| 主题词: | 房屋建筑设备 , 建筑安装 , 房屋建筑设备--建筑安装--建筑经济定额 , 建筑预算定额 | |
| 电子资源: | ||
| ISBN: | 978-7-5640-8933-7 | |
| 000 | 01098nam0 2200277 450 | |
| 001 | 141873 | |
| 005 | 20141111152210.35 | |
| 010 | @a978-7-5640-8933-7@dCNY 48.00 | |
| 100 | @a20140724d2014 em y0chiy50 ea | |
| 101 | 0 | @achi |
| 102 | @aCN@b110000 | |
| 105 | @ay zq 000yy | |
| 200 | 1 | @a建筑设备安装工程概预算@9jian zhu she bei an zhuang gong cheng gai yu suan@b专著@f刘玉国,刘芳主编 |
| 205 | @a2版 | |
| 210 | @a北京@c北京理工大学出版社@d2014 | |
| 215 | @a287页@d26cm | |
| 330 | @a本书内容包括:建筑安装工程概预算,建筑安装工程造价构成,建筑安装工程定额体系,工程量清单计价,电气设备安装工程工程量计算,给排水、采暖、燃气及其他工程工程量计算,通风空调工程工程量计算,刷油、防腐蚀涂料、衬里、绝热工程工程量计算、投资估算编制,建筑安装工程设计概算编制与审查,施工图与施工预算,工程竣工结算预决算。 | |
| 606 | 0 | @a房屋建筑设备 |
| 606 | 0 | @a建筑安装 |
| 606 | 0 | @a房屋建筑设备@x建筑安装@x建筑经济定额 |
| 606 | 0 | @a建筑预算定额 |
| 690 | @aTU723.34@v5 | |
| 701 | 0 | @a刘芳@9liu fang@4主编 |
| 701 | 0 | @a刘玉国@9liu yu guo@4主编 |
| 801 | 0 | @c20141111 |
| 905 | @a241430@dTU723.34@eL712=2 | |
| 建筑设备安装工程概预算/刘玉国,刘芳主编.-2版.-北京:北京理工大学出版社,2014 |
| 287页;26cm |
| ISBN 978-7-5640-8933-7:CNY 48.00 |
| 本书内容包括:建筑安装工程概预算,建筑安装工程造价构成,建筑安装工程定额体系,工程量清单计价,电气设备安装工程工程量计算,给排水、采暖、燃气及其他工程工程量计算,通风空调工程工程量计算,刷油、防腐蚀涂料、衬里、绝热工程工程量计算、投资估算编制,建筑安装工程设计概算编制与审查,施工图与施工预算,工程竣工结算预决算。 |
| ● |
| 相关链接 |
|
|
|
正题名:建筑设备安装工程概预算
索取号:TU723.34/L712=2
 
预约/预借
| 序号 | 登录号 | 条形码 | 馆藏地/架位号 | 状态 | 备注 |
| 1 | 0839235 | 208392354 | 建筑库201/201建筑库 107排2列2层/ [索取号:TU723.34/L712=2] | 在馆 | |
| 2 | 0839236 | 208392363 | 建筑库201/201建筑库 107排2列2层/ [索取号:TU723.34/L712=2] | 在馆 | |
| 3 | 0839237 | 208392372 | 建筑库201/201建筑库 107排2列2层/ [索取号:TU723.34/L712=2] | 在馆 |